Central Library OPAC University of Rajshahi

Calculus for management, life, and social sciences / (Record no. 11455)

MARC details
000 -LEADER
fixed length control field 00817cam a2200277 i 4500
001 - CONTROL NUMBER
control field 11455
003 - CONTROL NUMBER IDENTIFIER
rucl marc code BD-RjUL
005 - DATE AND TIME OF LATEST TRANSACTION
control field 20211208235129.0
008 - FIXED-LENGTH DATA ELEMENTS--GENERAL INFORMATION
fixed length control field 140126s1981 caua 001 0 eng
020 ## - INTERNATIONAL STANDARD BOOK NUMBER
International Standard Book Number 0895170256
035 ## - SYSTEM CONTROL NUMBER
System control number (BD-RjUL)11504
040 ## - CATALOGING SOURCE
Original cataloging agency DLC
Transcribing agency DLC
Modifying agency DLC
-- BD-RjUL
Language of cataloging eng
041 ## - LANGUAGE CODE
Language code of text/sound track or separate title eng
082 00 - DEWEY DECIMAL CLASSIFICATION NUMBER
Classification number 515
Edition number 19
Author mark and year BAC 1981
100 1# - MAIN ENTRY--PERSONAL NAME
Personal name Barnett, Raymond A.
9 (RLIN) 31325
245 10 - TITLE STATEMENT
Title Calculus for management, life, and social sciences /
Statement of responsibility, etc. by Raymond A. Barnett.
250 ## - EDITION STATEMENT
Edition statement 2d ed.
260 ## - PUBLICATION, DISTRIBUTION, ETC. (IMPRINT)
Place of publication, distribution, etc. San Francisco, Calif. :
Name of publisher, distributor, etc. Dellen Pub. Co.,
Date of publication, distribution, etc. c1981.
300 ## - PHYSICAL DESCRIPTION
Pagination xii, 385 p. :
Illustrations ill. ;
Size 24 cm.
504 ## - BIBLIOGRAPHY, ETC. NOTE
Bibliography, etc Includes index.
650 #0 - SUBJECT ADDED ENTRY--TOPICAL TERM
Topical term or geographic name as entry element Calculus.
9 (RLIN) 35414
Topical term or geographic name as entry element Social sciences
General subdivision Mathematics.
9 (RLIN) 31327
Topical term or geographic name as entry element Biomathematics.
9 (RLIN) 20804
942 ## - ADDED ENTRY ELEMENTS (KOHA)
Source of classification or shelving scheme Dewey Decimal Classification
Koha item type Books
Holdings
Lost status Source of classification or shelving scheme Damaged status Not for loan Collection code Permanent Location Current Location Shelving location Date acquired Source of acquisition Total Checkouts Full call number Date last seen Copy number Koha item type Cost, normal purchase price
  Dewey Decimal Classification     Non-fiction Central Library, University of Rajshahi Central Library, University of Rajshahi   19/08/1985 Asia foundation   515 BAC 1981 26/01/2014 C-2 Books  
  Dewey Decimal Classification   Not For Loan Non-fiction Central Library, University of Rajshahi Central Library, University of Rajshahi Reading Room 28/03/1985 Tulip Enterprises   515 BAC 1981 20/04/2017 C-1 Books 838.25
  Dewey Decimal Classification     Non-fiction Central Library, University of Rajshahi Central Library, University of Rajshahi   19/08/1985 Asia Foundation   515 BAC 1981 29/05/2017 C-3 Books